000 00359nam a2200169Ia 4500
003 0STCL
008 150530s9999 xx 000 0 und d
040 _aSTCL
_cSTCL
100 _aMaurice Duverger
245 _aPolitical parties
250 _aFirst
260 _c1979
546 _aEnglish
942 _2ddc
_cBK
999 _c8738
_d8738
005 20220125165515.0